000 00354 a2200145 4500
001 149403
040 _cEscola São Tomás de Aquino
100 _aFURNARI, Eva
240 1 0 _aOs problemas da família Gorgonzola
_lpor
245 1 0 _aOs problemas da família Gorgonzola
300 _a24
362 0 _a2014
697 _a*LITERATURA INFANTO
942 _cBK
999 _c149403
_d149403